00225nam a2200097Ia 4500008004100000082001500041100002200056245001400078260002000092600001500112241002s9999 xx 000 0 und d a808.84 SAR aSartre, Jean Paul 0aSituation aNew York:c1964 aLiterature